000 00512nam a2200205Ia 4500
003 OSt
005 20241025090953.0
008 210210b2019 xxu||||| |||| 00| 0 eng d
020 _a9788178124469
040 _cAL
041 _aeng
082 _a658.002 RGUR
100 _aR GUPTAS
_9183209
245 _aR Guptas MAT: Previous years papers solved
260 _aNew Delhi
_bRamesh publishing house
_c2019
300 _a712
690 _aManagement Entrance
_9183210
906 _a072535
942 _2ddc
_cBK
999 _c122388
_d122388